Les Grands Écrivains - Statistiques

Statistiques générales
  • Ce quiz a été pris 393 fois
  • Le résultat moyen est 11 sur 15
Statistiques - réponses
Hint Réponse % Correct
Les Misérables Victor Hugo
97%
Le Rouge et le Noir Stendhal
95%
Germinal Émile Zola
92%
Hamlet William Shakespeare
91%
Bel-Ami Guy de Maupassant
86%
Candide ou l'Optimisme Voltaire
85%
Gargantua François Rabelais
84%
Dracula Bram Stocker
73%
Orgueil et Préjugés Jane Austen
72%
Essais Michel de Montaigne
72%
Poil de carotte Jules Renard
65%
Mémoires d'Hadrien Marguerite Yourcenar
61%
Bonjour Tristesse Françoise Sagan
59%
Sido Colette
57%
La Phénoménologie de l'esprit Hegel
56%
Aucun quiz correspondant
Distribution des résultats
% des personnes avec chaque résultat
Percentile par nombre de réponses
Votre historique - résultats
Vous n’avez pas pris ce quiz